Normal view
MARC view
- Kaplún, Mario,
Entry Nombre Personal
001 - NUMERO DE CONTROL
- campo de control: 28813
003 - IDENTIFICADOR DE NUMERO DE CONTROL
- campo de control: UPN
005 - FECHA Y HORA DE LA ÜLTIMA TRANSACCIÓN
- campo de control: 20210219194357.0
008 - DATOS DE LONGITUD FIJA
- campo de control de longitud fija: nabaccnnaabn|||||||||| b |nc|||||d
035 ## - NUMERO DE CONTROL
- Número de control: UPN11000000919
040 ## - FUENTE DE CATALOGACIÓN
- Lenguaje de catalogación: SPA
- Agencia de transcripción: UPN
100 1# - ENCABEZAMIENTO - NOMBRE PERSONAL
- Nombre personal: Kaplún, Mario,
- Fechas asociadas con el nombre: 1923-1998
670 ## - FUENTE EN LA QUE SE LOCALIZARON DATOS
- Cita de la fuente: T
- Uniform Resource Identifier: http://www.infoamerica.org/teoria/kaplun1.htm
680 ## - NOTA PUBLICA DE ACCESO PÚBLICO
- Frase explicativa de la referencia: Comunicólogo y educador argentino de padres rusos de confesión judía que se exilió a Uruguay
902 ## - CATALOGADOR
- Catalogador: DAA/100108
